000 00600nam a22002417a 4500
001 BR7400664
003 BR-BrBNA
005 20241126093615.0
007 ta
008 230509b bl.||||| |||| 00| 0 por d
040 _aBR-BrBNA
_bpor
_cBiblioteca Nacional de Agricultura
041 _a(Por)
072 _aF00; F25
_b0150
090 _a 0150 BR7400664 OBR
_b2024-7446
100 1 _aAnon.
245 1 _aA cultura e adubacao do arroz
260 3 _aRio de Janeiro, GB (Brasil):
_c1921.
300 _a28 p.
650 _aFERTILIZANTE
650 _aADUBACAO
650 _aARROZ
942 _cBK
_2AGRIS
999 _c19492
_d19492